|
|
|
|
| LEADER |
00000nab a2200000 a 4500 |
| 001 |
vtls000194401 |
| 003 |
SK-MaSNL |
| 005 |
20260304180928.0 |
| 008 |
250423c1984 xo 0 slo |
| 015 |
|
|
|a SNBRB19rr/mm-uuuuu
|
| 035 |
|
|
|a CL0204514
|
| 035 |
|
|
|a urn:nbn:sk:snk-abbe08
|
| 035 |
|
|
|a (urnnbn)urn:nbn:sk:snk:ar-000l7q
|
| 035 |
|
|
|a (uuid)4860fc8f-5a60-4e81-a6f2-5769c8b01156
|
| 040 |
|
|
|a SNKBUCL
|b slo
|c SNKBUCL
|e AACR2
|
| 041 |
0 |
|
|a slo
|
| 044 |
|
|
|a xo
|c SK
|
| 080 |
|
|
|a 943.76"1944"
|2 1981
|
| 100 |
1 |
|
|a Ulbrichtová, Eva
|4 aut
|9 930411
|
| 245 |
1 |
0 |
|a Odkaz Slovenského národného povstania
|c Eva Ulbrichtová
|
| 650 |
0 |
7 |
|a Slovenské národné povstanie (1944)
|2 snkbucl
|9 177948
|
| 650 |
0 |
7 |
|a slovenská literatúra
|2 snkbucl
|9 1115
|
| 655 |
|
7 |
|a články z novín a časopisov
|2 snkbucl
|9 267496
|
| 655 |
|
7 |
|a články z odboru knihovníctvo
|2 snkbucl
|9 166141
|
| 773 |
0 |
|
|t Čitateľ
|g Roč. 33, č. 7-8 (1984), s. 267
|
| 850 |
|
|
|a Slovenská národná knižnica
|
| 852 |
|
|
|a Slovenská národná knižnica
|
| 954 |
|
|
|a odborná, vedecká literatúra pôvodná (slovenská)
|2 lita
|
| 958 |
|
|
|a article15
|
| 958 |
|
|
|a RK
|
| 958 |
|
|
|a KL
|
| 958 |
|
|
|a OND
|
| 958 |
|
|
|a EUIPO
|
| 992 |
|
|
|a RBX
|
| 999 |
|
|
|c 3020721
|d 3022651
|